|
|
|
|
| LEADER |
00000nam0a2200000 4500 |
| 001 |
186187 |
| 005 |
20231101223950.0 |
| 010 |
|
|
|a 9785811410880
|
| 035 |
|
|
|a (RuTPU)RU\TPU\book\202012
|
| 090 |
|
|
|a 186187
|
| 100 |
|
|
|a 20101025d2011 m y0rusy50 ca
|
| 101 |
0 |
|
|a rus
|
| 102 |
|
|
|a RU
|
| 105 |
|
|
|a a j 001zy
|
| 200 |
1 |
|
|a Электростатика в вопросах и задачах
|e пособие по решению задач для студентов
|f Н. Н. Брандт, Г. А. Миронова, А. М. Салецкий
|
| 205 |
|
|
|a 2-е изд., испр.
|
| 210 |
|
|
|a СПб.
|c Лань
|d 2011
|
| 215 |
|
|
|a 288 с.
|c ил.
|
| 225 |
1 |
|
|a Учебники для вузов. Специальная литература
|
| 320 |
|
|
|a Библиогр.: с. 280-282.
|
| 320 |
|
|
|a Предметный указатель: с. 283-285.
|
| 330 |
|
|
|a Учебное пособие представляет собой краткое (тезисное) изложение теории электростатики; оно снабжено наглядными иллюстрациями (линии напряженности, индукции и эквипотенциальных поверхностей), содержит подробное решение задач электростатики зарядов в вакууме и в присутствии диэлектриков. Данная книга предназначена для студентов вузов, изучающих общую физику, и для преподавателей, ведущих семинарские и практические занятия по разделу «Электричество» курса «Общей физики». Пособие может быть полезным для всех желающих самостоятельно научиться решать задачи по электростатике.
|
| 606 |
1 |
|
|a Электростатика
|x (физика)
|2 stltpush
|3 (RuTPU)RU\TPU\subj\60238
|9 77674
|
| 610 |
1 |
|
|a электростатические поля
|
| 610 |
1 |
|
|a вакуум
|
| 610 |
1 |
|
|a проводники
|
| 610 |
1 |
|
|a диэлектрики
|
| 610 |
1 |
|
|a электроемкость
|
| 610 |
1 |
|
|a системы зарядов
|
| 610 |
1 |
|
|a энергия
|
| 610 |
1 |
|
|a учебные пособия
|
| 675 |
|
|
|a 537.2(075.8)
|v 3
|
| 700 |
|
1 |
|a Брандт
|b Н. Н.
|g Николай Николаевич
|
| 701 |
|
1 |
|a Миронова
|b Г. А.
|g Галина Александровна
|
| 701 |
|
1 |
|a Салецкий
|b А. М.
|g Александр Михайлович
|
| 801 |
|
1 |
|a RU
|b 63413507
|c 20101025
|
| 801 |
|
2 |
|a RU
|b 63413507
|c 20150515
|g RCR
|
| 900 |
|
|
|a Общая физика
|
| 942 |
|
|
|c BK
|
| 951 |
|
|
|b 010701
|b 010700
|
| 959 |
|
|
|a 73/20101021
|d 2
|e 0
|f АНЛ:1
|f ЧЗТЛ:1
|